Guess the modern tank - Statistics

General Stats
  • This quiz has been taken 123 times
  • The average score is 6 of 16
Answer Stats
Picture Answer % Correct
M1A2 Abrams
79%
Leopard 2A7
68%
Puma
57%
BMP-2
52%
Challenger 2
52%
T-72B3
44%
Merkava mk4
42%
T-80BV
37%
Type 10
31%
Ariete C1
21%
Desert Warrior
18%
ZTZ99A
17%
Leclerc S2
15%
CV 9035
11%
Freccia
7%
Centauro 105
2%
No matching quizzes found
Score Distribution
Percent of People with Each Score
Percentile by Number Answered
Your Score History
You have not taken this quiz